| 000 | 00511cam a22001811 4500 | ||
|---|---|---|---|
| 005 | 20131009041444.0 | ||
| 008 | 740909s1973 xx 000 0 ger | ||
| 041 | 0 | _ager | |
| 080 | _a007 | ||
| 100 | 1 | _aKlaus, Georg. | |
| 245 | 1 | 0 | _aKybernetik und Gesellschaft. |
| 250 | _a3., bearbeitete und erweiterte Auflage | ||
| 260 |
_aBerlin, _bDeutscher Verlag der Wissenschaften, _c1973 [c1964] |
||
| 300 |
_a414 p. _billus. _c22 cm. |
||
| 504 | _aBibliography: p. 411-412. | ||
| 650 | 0 | _2Kibernetika | |
| 942 |
_2udc _cBK |
||
| 999 |
_c58 _d58 |
||